Responses for show #5584 - Thursday, December 11, 2008

Ask Alex #7: Clothes.

Contestants

[<< previous game]

Sean Kottke, a professor from Lansing, Michigan

Christine Carrino Gorowara, a teacher educator from Wilmington, Delaware

Matt Jacobs, a science teacher originally from Stratford, Connecticut (whose 1-day cash winnings total $10,323)

[next game >>]

Jeopardy! Round responses

THE 50 STATES
SEND IN THE CLOWNS
NURSERY RHYME TIME
THE BIGGEST LOSER
NEVER MIND THE FOLLICLES
HERE'S THE PISTOLS
    $200 6
Rhode Island

Sean
    $200 1
Ed McMahon

Sean
    $200 5
(Christine: What are canaries?)
(Alex: Be more specific.)
(Christine: What are... yellow canaries?)
(Alex: Nope.)

Mary's canaries

ChristineSean
    $200 16
(Herbert) Hoover

Matt
    $200 20
a mohawk

Matt
    $200 26
Browning

Christine
    $400 7
Kansas

Matt
    $400 2
a postage stamp

Sean
    $400 8
Sprat's hats

Matt
    $400 17
(Ralph) Nader

Christine
    $400 21
Flattop

Sean
    $400 27
the Luger

Matt
    $600 12
Indiana

Christine
    $600 3
Krusty the Clown

Matt
    $600 9
Polly's follies

Christine
    $2,000 18
(Christine: Who was Humphrey?)
(Alex: Oh, no. "Who was [*]?" [*]. You were a little too early on that one.)

George McGovern

Christine
    $600 23
a bowl

Matt
    $600 28
Colt

Christine
    $800 13
Vermont

Christine
    $800 4
Jimmy Stewart

Triple Stumper
    $800 10
Jack's flacks

Christine
    $800 19
(Christine: Who is Adams? John Adams?)

Aaron Burr

MattChristine
    $800 24
a pageboy

Matt
    $800 29
Derringer

Matt
    $1000 14
the Chesapeake

Christine
    $1000 15
(Slim) Pickens

Christine
    $1000 11
Grundy's undies

Christine
    $1000 22
the Libertarian Party

Sean
    $1000 25
a shag

Sean
    $1000 30
Smith & Wesson

Christine

Scores at the first commercial break (after clue 15):

Matt Christine Sean
$1,400 $5,600 $1,000

Scores at the end of the Jeopardy! Round:

Matt Christine Sean
$5,200 $5,000 $3,400

Double Jeopardy! Round responses

MARINE LIFE
AN ALPHANUMERIC CATEGORY
TECUMSEH
VARIETY PACK
SHAKESPEARE, YOU KILL ME!
(Alex: We name the victim, you identify the killer for us.)
(Alex: And finally, as Jon Lovitz would say--and did say--on our show...)
"EX"ACTLY
    $400 25
baleen

Matt
    $400 15
(Sean: What is Heinz 57?)

A1

ChristineSean
    $400 11
(Matt: What is a comet?)

a meteor shower (shooting star)

MattSean
    $400 20
the eye

Matt
    $400 1
Tybalt

Sean
    $400 6
(Christine: What is Extreme Home Makeover?)
...
(Alex: You flipped them there, Christine. Sorry about that.)

Extreme Makeover: Home Edition

ChristineSean
    $800 26
(Matt: What is a dolphin?)

an octopus

ChristineSean
    $800 16
(Matt: What is R?)

PG-13

MattChristine
    $800 12
(Matt: Who is Jackson?)

William Henry Harrison

MattSean
    $800 21
derma

Christine
    $800 2
(Christine: Who is Cassius?)
...
(Alex: [*], yes, suicide.)

Himself

ChristineSean
    $800 7
Extra

Matt
    $600 27
seahorses

Christine
    $1200 17
VH1

Matt
    $1200 13
The War of 1812

Christine
    $1200 22
friction

Matt
    $1200 3
Goneril

Triple Stumper
    $1200 8
The Executioner's Song

Christine
    $1600 28
turtle

Christine
    $1600 18
B-12

Sean
    $1600 14
Van Buren

Matt
    $1600 23
St. Elmo's Fire

Matt
    $2,600 4
Iago

Sean
    $1600 9
Exene

Christine
    $2000 29
periwinkle

Christine
    $2000 19
(Matt: What is MI6?)
...
(Alex: Poor Sean went for the foreign.)

MI5

ChristineSean
    $2000 30
the Shawnee

Triple Stumper
    $2000 24
meerschaum

Triple Stumper
    $2000 5
Henry VII

Triple Stumper
    $2000 10
No Exit

Sean

Scores at the end of the Double Jeopardy! Round:

Matt Christine Sean
$10,400 $16,800 $9,200

[wagering suggestions for these scores]

Final Jeopardy! Round responses

MUSICAL THEATER
SeanWhat is H.M.S. Pinafore?
$9,200
MattWhat is HMS Pinafore?
$6,400
ChristineWhat is HMS Pinafore?
$4,001
H.M.S. Pinafore

Final scores:

Matt Christine Sean
$16,800 $20,801 $18,400
3rd place: $1,000 New champion: $20,801 2nd place: $2,000

Game dynamics:

Coryat scores:

Matt Christine Sean
$10,400 $19,400 $8,200
17 R,
3 W
22 R
(including 1 DD),
5 W
(including 1 DD)
15 R
(including 1 DD),
3 W

Combined Coryat: $38,000

The J! Archive is created by fans, for fans. The Jeopardy! game show and all elements thereof, including but not limited to copyright and trademark thereto, are the property of Jeopardy Productions, Inc. and are protected under law. This website is not affiliated with, sponsored by, or operated by Jeopardy Productions, Inc. Join the discussion at JBoard.tv.